| 000 | 00472nam a2200169Ia 4500 | ||
|---|---|---|---|
| 008 | 151021s9999 xx 000 0 und d | ||
| 020 | _a9.780750625e+011 | ||
| 050 | _aG 156.5.E26W42009 | ||
| 245 | _a_ecotourism impacts,potentials and possibilities | ||
| 250 | _a2nd ed. | ||
| 260 | _aUK Elsevier 2009 | ||
| 300 | _axi,283p.ill 2cm | ||
| 500 | _aincludes index | ||
| 650 | _a_tourism development | ||
| 700 | _a_John Neil | ||
| 980 | _a^d20101126 11:47:54^oanne | ||
| 999 |
_c5361 _d5361 |
||